Geografía de la Corona de Aragón en un mapa - Estadísticas

Estadísticas generales
  • Esta prueba ha sido intentada 39 veces
  • La puntuación promedio es 11 de 22
Respuestas en el mapa
Las respuestas están codificadas por una escala verde-roja en el mapa de la prueba según el % correcto abajo.
 
Estadísticas de respuestas
Respuesta % Correcto
Reino de Valencia
97%
Reino de Sicilia
84%
Nápoles
81%
Palma de Mallorca
81%
Menorca
73%
3404 m Aneto
68%
930 km Ebro
65%
Malta
65%
Bari
57%
3357 m Etna
57%
Cagliari
51%
Catania
46%
Alguer
43%
1281 m Vesubio
43%
Perpiñán
41%
508,8 km Júcar
38%
Sagunto
38%
Alcañiz
32%
Condado de Urgel
27%
1838 m Alto de las Barracas
11%
2949 m Comapedrosa
11%
170 km Ofanto
5%
No se encontraron pruebas coincidentes
Distribución de puntuación
Porcentaje de gente con cada puntuación
Porcentaje por número respondido
Historial de tus puntuaciones
No has intentado esta prueba.